Loading...
| MB | 2 | 8 | 3 | 2 | 95 | 16 | 83.40 | 5 | 10 | 0.00 | 0.00 |
| AG | 0 | 2 | 1 | 0 | 15 | 79 | 79.50 | 0 | 2 | 0.00 | 0.00 |
| DM | 0 | 2 | 1 | 0 | 15 | 94 | 107.50 | 1 | 2 | 0.00 | 0.00 |
| MV | 0 | 1 | 0 | 0 | 10 | 135 | 135.00 | 0 | 1 | 0.00 | 0.00 |
| KD | 0 | 1 | 0 | 0 | 10 | 136 | 136.00 | 0 | 1 | 0.00 | 0.00 |
| TR | 0 | 2 | 2 | 0 | 10 | 105 | 108.50 | 0 | 2 | 0.00 | 0.00 |
| BB | 0 | 2 | 2 | 2 | 10 | 120 | 122.50 | 1 | 2 | 0.00 | 0.00 |
| RC | 0 | 1 | 1 | 0 | 5 | 98 | 98.00 | 0 | 1 | 0.00 | 0.00 |
| RR | 0 | 1 | 1 | 1 | 5 | 124 | 124.00 | 0 | 1 | 0.00 | 0.00 |
| AR | 0 | 0 | 0 | 0 | 0 | 0.00 | 0 | 0 | 0.00 | 0.00 |
| MB | Sophus Lie | 15 | 16 |
| DM | smoking bans | -5 | 17 |
| BB | atomic nuclei | -5 | 27 |
| MB | Kristin Lavransdatter | 15 | 36 |
| AG | infallibility | -5 | 44 |
| BB | coexistence | -5 | 64 |
| MB | Republic of Ghana | -5 | 70 |
| TR | Malaysia | -5 | 75 |
| MB | Zagreus | -5 | 76 |
| MB | baldness | 10 | 78 |